=LDR 00000nam 2200000 4500 =001 INLIS000000000026228 =005 20130612124700 =008 ***********************************Ind** =035 ##$$0010-061300000026228 =041 ##$$a Ind =082 ##$$a 2x4.05 =090 ##$$a 2x4.05, Alg i =100 ##$$a Al Gharathi, Abu Ishaq Ibrahim =245 ##$$a I'tisham, Abu Ishaq Ibrahim bin Musa Bin Muhammad Al-Lakhmi Asy-Syathibih Al Granathi ; penerjemah, Shaluddin Sabki ; editor, Edy Fr =260 ##$$a 2006 $b Jakarta =300 ##$$a ixiv, 895 hlm, ilus, 25 cm =650 ##$$a Sunnah dan Bid'ah =850 ##$$a NBPNMAT